The Respect Action Plan (Record no. 105155)

MARC details
000 -LEADER
fixed length control field 01069cam a2200217 4500
001 - CONTROL NUMBER
control field ##L132492
008 - FIXED-LENGTH DATA ELEMENTS--GENERAL INFORMATION
fixed length control field 060213n2006 000 0 eng u
020 ## - INTERNATIONAL STANDARD BOOK NUMBER
International Standard Book Number 1844738477
035 ## - SYSTEM CONTROL NUMBER
System control number (Sirsi) u132492
041 ## - LANGUAGE CODE
Language code of text/sound track or separate title eng
050 04 - LIBRARY OF CONGRESS CALL NUMBER
Classification number 307.14 $2 21
110 1# - MAIN ENTRY--CORPORATE NAME
Corporate name or jurisdiction name as entry element United Kingdom
Subordinate unit Home Office
9 (RLIN) 4882
245 04 - TITLE STATEMENT
Title The Respect Action Plan
260 ## - PUBLICATION, DISTRIBUTION, ETC.
Place of publication, distribution, etc. London
Name of publisher, distributor, etc. Home Office
Date of publication, distribution, etc. 2006
520 ## - SUMMARY, ETC.
Summary, etc. This action plan builds on the government drive to tackle anti-social behaviour and reclaim communities for the law-abiding majority. It explains why the government approach needs to be deepened by tackling the underlying causes of anti-social behaviour, intervening early where problems occur and broadening efforts to address other areas of poor behaviour.
590 ## - LOCAL NOTE (RLIN)
Local note IKA140206
650 24 - SUBJECT ADDED ENTRY--TOPICAL TERM
Topical term or geographic name entry element ANTI-SOCIAL BEHAVIOUR ACT 2003
690 ## - LOCAL SUBJECT ADDED ENTRY--TOPICAL TERM (OCLC, RLIN)
Topical term or geographic name as entry element ENVIRONMENTAL AND LAND CONSULTANCY-SUSTAINABILITY-SUSTAINABLE DEVELOPMENT
856 40 - ELECTRONIC LOCATION AND ACCESS
Uniform Resource Identifier <a href="https://www.homeoffice.gov.uk/documents/respect-action-plan">https://www.homeoffice.gov.uk/documents/respect-action-plan</a>
Public note View the action plan free of charge at www.homeoffice.gov.uk...
942 ## - ADDED ENTRY ELEMENTS (KOHA)
Suppress in OPAC 0
Holdings
Withdrawn status Lost status Source of classification or shelving scheme Damaged status Not for loan Home library Current library Shelving location Date acquired Total Checkouts Full call number Barcode Date last seen Copy number Price effective from Koha item type
    Dewey Decimal Classification     Virtual Virtual Online 13/02/2006   ONLINE PUBLICATION 132492-2001 06/08/2019 1 06/08/2019 Book